000 00862cam a22002537a 4500
999 _c329552
_d329552
001 13510364
003 NUST
005 20170615115004.0
008 040303s1996 pk 000 0 urdod
010 _a 96930177
020 _a9693505921
035 _a(OCoLC)ocm37241160
040 _aCUY
_cCUY
_dDLC
042 _alccopycat
050 0 0 _aMLCSA 96/00021 (P)
_aPK2200.A693
082 _a891.4392
_bAHM
100 0 _aAshfāq Aḥmad,
_d1925-2004.
_9639
245 1 0 _aMahmānsarāʼe :
_bmashhūr Zamānah ṭī vī sīriyal Kārvān̲sarāʼe /
_cAshfāq Aḥmad.
260 _aLāhaur :
_bSang-i Mīl Pablīkeshanz,
_c1996.
300 _a215 p. ;
_c22 cm.
500 _aPlay.
520 _aA play previously telecast from Pakistan Television.
546 _aIn Urdu.
880 _6100-01\(3\r
_aاشفاق احمد
880 _6245-02\(3\r
_aمہمانسراےٗ
_cاشفاق احمد
880 _6260-03\(3\r
_aلاہور:
_bسنگ میل پبلی کیشنز،
_c2007
906 _a7
_bcbc
_ccopycat
_d4
_encip
_f20
_gy-gencatlg
942 _2ddc
_cBK